Practical RF system design (Record no. 11727)

000 -LEADER
fixed length control field 01368cam a22003497a 4500
001 - CONTROL NUMBER
control field 13299128
005 - DATE AND TIME OF LATEST TRANSACTION
control field 20170105102347.0
008 - FIXED-LENGTH DATA ELEMENTS--GENERAL INFORMATION
fixed length control field 030801s2003 nyua b 001 0 eng d
010 ## - LIBRARY OF CONGRESS CONTROL NUMBER
LC control number 2003276062
015 ## - NATIONAL BIBLIOGRAPHY NUMBER
National bibliography number GBA3-Z2126
020 ## - INTERNATIONAL STANDARD BOOK NUMBER
International Standard Book Number 0471200239
035 ## - SYSTEM CONTROL NUMBER
System control number (DLC)13299128
040 ## - CATALOGING SOURCE
Original cataloging agency UKM
Transcribing agency UKM
Modifying agency NIC
-- DLC
042 ## - AUTHENTICATION CODE
Authentication code lccopycat
050 00 - LIBRARY OF CONGRESS CALL NUMBER
Classification number TK6560
Item number .E333 2003
082 04 - DEWEY DECIMAL CLASSIFICATION NUMBER
Classification number 621.38412
Edition number 21
100 1# - MAIN ENTRY--PERSONAL NAME
Personal name Egan, William F.
245 10 - TITLE STATEMENT
Title Practical RF system design
Statement of responsibility, etc. William F. Egan.
246 3# - VARYING FORM OF TITLE
Title proper/short title Practical radio frequency system design
260 ## - PUBLICATION, DISTRIBUTION, ETC.
Place of publication, distribution, etc. New York :
Name of publisher, distributor, etc. IEEE ;
Place of publication, distribution, etc. Hoboken, N.J. :
Name of publisher, distributor, etc. Wiley-Interscience,
Date of publication, distribution, etc. c2003.
300 ## - PHYSICAL DESCRIPTION
Extent xxv, 386 p. :
Other physical details ill. ;
Dimensions 25 cm.
504 ## - BIBLIOGRAPHY, ETC. NOTE
Bibliography, etc. note Includes bibliographical references (p. 371-377) and index.
650 #0 - SUBJECT ADDED ENTRY--TOPICAL TERM
Topical term or geographic name entry element Radio circuits
General subdivision Design and construction.
650 #0 - SUBJECT ADDED ENTRY--TOPICAL TERM
Topical term or geographic name entry element Radio frequency.
856 42 - ELECTRONIC LOCATION AND ACCESS
Materials specified Contributor biographical information
Uniform Resource Identifier <a href="http://www.loc.gov/catdir/bios/wiley046/2003276062.html">http://www.loc.gov/catdir/bios/wiley046/2003276062.html</a>
856 42 - ELECTRONIC LOCATION AND ACCESS
Materials specified Publisher description
Uniform Resource Identifier <a href="http://www.loc.gov/catdir/description/wiley0310/2003276062.html">http://www.loc.gov/catdir/description/wiley0310/2003276062.html</a>
856 41 - ELECTRONIC LOCATION AND ACCESS
Materials specified Table of contents
Uniform Resource Identifier <a href="http://www.loc.gov/catdir/toc/wiley032/2003276062.html">http://www.loc.gov/catdir/toc/wiley032/2003276062.html</a>
906 ## - LOCAL DATA ELEMENT F, LDF (RLIN)
a 7
b cbc
c copycat
d 3
e ncip
f 20
g y-gencatlg
942 ## - ADDED ENTRY ELEMENTS (KOHA)
Source of classification or shelving scheme
Koha item type Book
Holdings
Withdrawn status Lost status Damaged status Not for loan Collection code Permanent Location Current Location Shelving location Date acquired Source of acquisition Cost, normal purchase price Total Checkouts Full call number Barcode Date last seen Price effective from Koha item type
          Central Library (CL) Central Library (CL) General Stacks 04/09/2013 Progressive International Agencies 10900.47   621.38412 EGA SEECS012238 06/19/2023 04/15/2013 Book
© 2023 Central Library, National University of Sciences and Technology. All Rights Reserved.